Minecraft - świecące bloki (1.21.5) - Statystyki

Ogólne statystyki
  • Ten quiz został rozwiązany 513 razy
    100 od ostatniego zresetowania
  • Średni wynik to 13 z 47
Statystyki odpowiedzi
Lp Poziom wydzielanego światła Blok % Poprawnych
19 14 Pochodnia / Torch
93%
9 15 Jasnogłaz / Glowstone
89%
31 9 Ruda redstone / Redstone Ore
78%
12 15 Latarenka / Lantern
68%
8 15 Lawa / Lava
57%
11 15 Lampa / Redstone Lamp
56%
34 7 Pochodnia redstone / Redstone Torch
56%
5 15 Ogień / Fire
49%
6 15 Ognisko / Campfire
49%
24 12 (gdy są 4 obok siebie) Świeca / Candle
49%
3 15 Latarnia morska / Sea Lantern
43%
1 15 Magiczna Latarnia / Beacon
38%
26 10 Eteryczna pochodnia / Soul Torch
33%
25 11 Portalu Netheru / Nether Portal
33%
46 1 Rama portalu do Endu / End Portal Frame
33%
14 15 Żabia Lampa / Froglight
33%
18 14 Winorośl ze świecącymi jagodami / Cave Vines bearing Glow Berries
29%
27 10 Eteryczna latarenka / Soul Lantern
28%
16 15 (w pełni naładowana) Kotwica odrodzenia / Respawn Anchor
28%
21 13 Piec / Furnace
25%
29 10 Eteryczne ognisko / Soul Campfire
24%
10 15 Światłogrzyb / Shroomlight
24%
15 15 (gdy są 4 obok siebie) Iskrzyłuda / Sea Pickle
22%
20 14 Endowy słupek / End Rod
21%
40 3 Blok magmy / Magma Block
19%
22 13 Piec hutniczy / Blast Furnace
19%
32 9 Przekaźnik / Repeater
18%
4 15 Portal Kresu / End Portal
17%
36 7 Stół do zaklinania / Enchanting Table
17%
23 13 Wędzarka / Smoker
17%
28 10 Eteryczny ogień / Soul Fire
15%
7 15 Jack o'Lantern
15%
33 9 Komparator / Comparator
14%
35 7 Skrzynia Endu / Ender Chest
14%
42 1 Brązowy grzyb / Brown Mushroom
13%
30 10 Płaczący obsydian / Crying Obsidian
13%
2 15 Przewodnia / Conduit
13%
37 7 Świecący porost / Glow Lichen
13%
43 1 Sculkowy czujnik / Sculk Sensor
11%
17 4-15 Miedziana lampa / Copper Bulb
8%
44 1 Statyw alchemiczny / Brewing Stand
7%
39 1-5 Ametyst / Amethyst
4%
41 2 Krzew świetlików / Firefly bush
3%
47 1 Skalibrowany sculkowy czujnik / Calibrated sculk sensor
3%
45 1 Jajo Smoka / Dragon Egg
1%
13 15 Kocioł z lawą / Cauldron containing lava
1%
38 6 Sculkowy Katalizator / Sculk Catalyst
1%
Nie znaleziono quizów pasujących do podanych kryteriów
Rozkład punktacji
Procent ludzi z każdym wynikiem
Percentyl według liczby udzielonych odpowiedzi
Twoja historia wyników
Nie rozwiązałeś tego quizu od ostatniego zresetowania